|
|
|
|
| LEADER |
00812nab a2200253 i 4500 |
| 001 |
misc64270 |
| 005 |
20230515145433.0 |
| 008 |
230307s1935 hu o 0|| ger d |
| 040 |
|
|
|a SZTE Miscellanea Repozitórium
|b hun
|
| 041 |
|
|
|a ger
|
| 041 |
|
|
|a mon
|
| 041 |
|
|
|a tut
|
| 100 |
1 |
|
|a Poppe Nikolaj Nikolaevič
|
| 245 |
1 |
0 |
|a Über die Sprache der Daguren
|h [elektronikus dokumentum] /
|c Poppe Nikolaj Nikolaevič
|
| 260 |
|
|
|a Verlag Asia Major
|b Leipzig
|c 1935
|
| 300 |
|
|
|a 183-220
|c 24 cm
|
| 300 |
|
|
|a [38] p.
|c 24 cm
|
| 490 |
0 |
|
|a Asia Major
|
| 561 |
|
|
|a Németh Gyula hagyaték
|
| 591 |
|
|
|a NOA 4631
|
| 650 |
|
4 |
|a Bölcsészettudományok
|
| 650 |
|
4 |
|a Nyelvek és irodalom
|
| 695 |
|
|
|a Mandzsu-dahúr szótár, Dahúr nyelv
|
| 856 |
4 |
0 |
|u http://misc.bibl.u-szeged.hu/64270/1/4631_noa.pdf
|z Dokumentum-elérés
|